000 02664cam a2200385 i 4500
003 BJBSDDR
005 20231110161143.0
007 ta
008 140623s2021 dr b 000 0 spa
020 _a9789945092233
020 _a9945092235
035 _a(PR-SjLB)bv0000007830
040 _aBJBSDDR
_bspa
_cBJBSDDR
041 _aspa
042 _apcc
043 _anwdr---
050 1 4 _aKGQ 3739
_bR696p 2021
100 1 _aRodríguez, Namphi
_98070
245 1 0 _aProtección constitucional del consumidor y del usuario /
_cNamphi Rodríguez.
250 _aSegunda impresión
260 _aSanto Domingo :
_bImpresora Soto Castillo,
_c2021.
300 _axxv, 599 páginas ;
_c24 cm.
336 _atext
_btxt
_2rdacontent
337 _aunmediated
_bn
_2rdamedia
338 _avolume
_bnc
_2rdacarrier
504 _aIncluye referencias bibliográficas (páginas 591-599).
505 0 _aContenido-----Capítulo 1:El derecho del consumidor y delusuario. Capitulo 2------ El derecho constitucional del consumidor.Capitulo 3------Orden público protectorio y vulnerabilidad del consumidor. Capitulo 4------Los derechos sustanciales. Capitulo 5---- Loderechos fundamentales de los consumidores. Capítulo 6----- Los derechos instrumentales. Capítulo 7---- El contrato de consumo. Capítulo 8----La disiplina de los contratos por adhesión. Capítulo 9----Operaciones a crédito, presentación de servicios y otros contratos no tradicionales.Capitulo 10---- El consumidor frente a la publicidad. Capítulo 11----Protección del consumidor en internet.Capitulo 12 --usuarios de servicios públicos y de servicios económicos de interés general. Capitulo 13---- Regimen de garantías por productos servicios.Capitulo 14---- Proconsumidor: Autoridad de aplicación de la ley, de inspección y de vigilancia.Capítulo 15---- Aspectos del sistema dominicano para la calidad sidocal.Capitulo 16----Responsabilidad civil por daños a los consumidores y usario.Capitulo 17----- Delitos relatios al mercado y los consumidores. Capitulo 18--- Infracciones, ssaniones y acciones judiciales.
520 _aEste libro: Protección constitucional del consumidor y del usuario”, es un extenso manual de 600 páginas que hace un enfoque estructural y legal de estos derechos en República Dominicana.
650 0 _aConsumer protection
_xLaw and legislation
_zDominican Republic.
_930580
650 4 _aProtección al consumidor
_xLegislación
_zRepública Dominicana
_920023
906 _a7
_bcbc
_corigres
_d2
_encip
_f20
_gy-gencatlg
942 _2lcc
_cBK
946 _irmza
999 _c119696
_d119696